Comunicación para principiantes /
Guardado en:
| Autor Principal: | |
|---|---|
| Formato: | Libro |
| Publicado: |
Buenos Aires :
Era Naciente,
2004
|
| Series: | Para Principiantes ; 98 / Juan Carlos Kreimer
|
| Materias: | |
| Etiquetas: |
Agregar Etiqueta
Sin Etiquetas, Sea el primero en etiquetar este registro!
|
| LEADER | 01409nam a22002415a 4500 | ||
|---|---|---|---|
| 001 | CEM.cems014035 | ||
| 005 | 20130712173322.0 | ||
| 008 | 130507s2004##################000#0#####d | ||
| 003 | CEMS | ||
| 020 | |a 9875550191 | ||
| 082 | 0 | 4 | |a 384 |
| 100 | 1 | |a Scnaider, Romina | |
| 245 | 1 | 0 | |a Comunicación para principiantes / |c Romina Schnaider, Mariano Zarowsky y Kalil Llamazares |
| 260 | |a Buenos Aires : |b Era Naciente, |c 2004 | ||
| 300 | |a 208 p. | ||
| 490 | 0 | |a Para Principiantes ; 98 / Juan Carlos Kreimer | |
| 505 | 0 | |a Comunicación para principiantes analiza las distintas teorías y reflexiones acerca de la Comunicación. Propone una aguda mirada en relación a los medios masicos y al fenómeno de la cultura de masas según los aportes del Funcionalismo, la escuela de Frankfurt, los estudios culturales, la tradición crítica francesa y las teorías que revalorizan las instancias de recepción mediática. Ofrece también una breve historia de las tecnologías de la comunicación, la prensa, el periodismo, Internet y las nuevas tecnologías de la información, e investiga sobre el fenómeno específico de la comunicación en América Latina con los interesantes aportes y peculiaridades históricas | |
| 653 | |a Comunicación | ||
| 653 | |a Medios | ||
| 653 | |a Historia de la comunicación | ||
| 653 | |a Tecnología | ||
| 653 | |a Internet | ||
| 859 | |a CEMS |b BIB. CEMS - 11 de abril |h 384 |i Sch572 |p 26695.13 |t Ej.1 | ||
